TV Objects Quiz Stats

 Plays Quiz Updated Aug 2, 2019

Score 0/18 Timer 04:00
11 Plays Today
% Correct
Game of Thrones
91.8%
Sesame Street
90.3%
Wheel of Fortune
90%
Pokémon
87.3%
Doctor Who
85.8%
The Office
75.4%
Futurama
74.6%
The Handmaid's Tale
72.1%
Deal or No Deal
71.4%
% Correct
The Simpsons
69.3%
The Price is Right
64.2%
Arrested Development
64%
Seinfeld
57.2%
Breaking Bad
57.2%
Frasier
51.6%
The Walking Dead
48.7%
How I Met Your Mother
46.4%
Lost
39.9%

You're not logged in!

Compare scores with friends on all Sporcle quizzes.
OR
Log In

Sporcle TV

Today on Sporcle TV


Watch our educational content, quiz creation guides, and fun videos on Sporcle TV.

Show Comments

Extras

Top Quizzes Today


Score Distribution

Your Account Isn't Verified!

In order to create a playlist on Sporcle, you need to verify the email address you used during registration. Go to your Sporcle Settings to finish the process.

Report this User

Report this user for behavior that violates our Community Guidelines.

Details: